000 00715nam a2200229Ia 4500
003 GCL
008 140319s9999 xx 000 0 ara d
020 _a8009383977
040 _aGCL /
_cGCL
082 0 4 _a811.082
_bأ ش
100 1 _aاحمد عبدالحى
245 1 0 _aالشاعر والسلطة /
_cاحمد عبدالحى
250 _aالاولى
260 _aالقاهرة :
_bايتراك للنشر والتوزيع ،
_c2004
300 _a414 ص ؛
_c24 سم
650 0 4 _aالشعر القومى
650 0 4 _aالنقد
650 0 4 _aالشعر العربى - تاريخ ونقد
650 0 4 _aالشعر السياسى
650 0 4 _aالمرأة والمجتمع
942 _2ddc
_cBK
999 _c10177
_d10177